Engineering mechanic statics, 4/e (Record no. 290796)
[ view plain ]
| 000 -LEADER | |
|---|---|
| fixed length control field | 00310 a2200133 4500 |
| 001 - CONTROL NUMBER | |
| control field | 55723 |
| 082 ## - DEWEY DECIMAL CLASSIFICATION NUMBER | |
| Classification number | 620.103 SHA |
| 090 ## - LOCALLY ASSIGNED LC-TYPE CALL NUMBER (OCLC); LOCAL CALL NUMBER (RLIN) | |
| -- | 34609 |
| -- | 34609 |
| 100 ## - MAIN ENTRY--PERSONAL NAME | |
| Personal name | Shames Irwing H. |
| 245 ## - TITLE STATEMENT | |
| Title | Engineering mechanic statics, 4/e |
| 250 ## - EDITION STATEMENT | |
| Edition statement | 4 |
| 260 ## - PUBLICATION, DISTRIBUTION, ETC. | |
| Place of publication, distribution, etc. | N J |
| Name of publisher, distributor, etc. | Prentic-Hall |
| Date of publication, distribution, etc. | 1997 |
| 300 ## - PHYSICAL DESCRIPTION | |
| Extent | xlviii, 448p. |
| 942 ## - ADDED ENTRY ELEMENTS (KOHA) | |
| Institution code [OBSOLETE] | NUST-CAE |
| Call number prefix | 620.103 SHA |
| Withdrawn status | Lost status | Damaged status | Not for loan | Collection code | Permanent Location | Current Location | Date acquired | Total Checkouts | Full call number | Barcode | Date last seen | Price effective from | Koha item type |
|---|---|---|---|---|---|---|---|---|---|---|---|---|---|
| College of Aeronautical Engineering (CAE) | College of Aeronautical Engineering (CAE) | 04/03/2017 | 620.103 SHA | CAEN-927 | 04/05/2017 | 04/05/2017 | Book |
